00898nam a2200241Ia 4500003000400000005001700004008004100021020001500062040001800077041000800095082002100103100002500124245008900149250001200238260005200250300003000302650004500332650004200377650004400419942003000463999001900493952014400512OSt20240806093017.0210716s1979 xx 000 0 und d a0875580904 cAIMIT LIBRARY aeng a374.22 21bSHAG aSharp, Gene.9175265 aGandhi as a political strategist with essay on ethics and politics /cBy Gene Sharp. a1st ed. aU S A :bPorter Sargent Publishers Inc ,c1979. axvii,357P. ;bPBc21.6 cm aGandhi as a political strategist9175266 aEssays on ethics and politics9175267 aTypes of principled nonviolence9175268 2ddccBKe1stk374.22 SHAG c198848d198848 00102ddc40708MBAaAIMITbAIMITd2005-02-01iBill no:; Bill dt:1900-01-00l0o374.22 SHAGpMBA01413r2026-05-23 00:00:00w2021-07-16yBK